Actors with the Most Superhero Movies - Statistics

General Stats
  • This quiz has been taken 36 times
  • The average score is 7 of 15
Answer Stats
# Actor Roles DC Marvel Other % Correct
13 Robert Downey Jr. 2 - Yes -
97%
20 Chris Evans 7 - Yes Yes
94%
13 Chris Hemsworth 3 - Yes Yes
81%
13 Scarlett Johansson 4 Yes Yes Yes
71%
12 Hugh Jackman 1 - Yes -
65%
22 Samuel L. Jackson 9 - Yes Yes
65%
10 Chris Pratt 3 - Yes Yes
58%
13 Ryan Reynolds 9 Yes Yes Yes
52%
10 Patrick Stewart 2 - Yes Yes
45%
10 Vin Diesel 3 - Yes Yes
19%
13 Idris Elba 7 Yes Yes Yes
16%
11 Jon Favreau 3 Yes Yes -
16%
11 James Marsden 4 Yes Yes Yes
10%
11 Sebastian Stan 2 Yes Yes -
10%
10 Sean Gunn 6 Yes Yes Yes
6%
No matching quizzes found
Score Distribution
Percent of People with Each Score
Percentile by Number Answered
Your Score History
You have not taken this quiz